[Event "HUN-chT4 1718"]
[Site "Hungary"]
[Date "2018.04.14"]
[Round "7.14"]
[White "Jonas, Benedek Gabor"]
[Black "Szabo, Richard1111"]
[Result "1-0"]
[WhiteElo "1515"]
[BlackElo "1382"]
[PlyCount "53"]
[EventDate "2017.10.28"]
[EventType "team-tourn"]
[EventRounds "9"]
[EventCountry "HUN"]
[SourceTitle "EXT 2020"]
[Source "ChessBase"]
[SourceDate "2019.10.17"]
[SourceVersion "1"]
[SourceVersionDate "2019.10.17"]
[SourceQuality "1"]

1. e4 e5 2. Nf3 Nc6 3. d4 exd4 4. Nxd4 Nxd4 5. Qxd4 c6 6. Nc3 b6 7. Bd3 Bc5 8. Qe5+ Kf8 9. 0-0 d6 10. Qg3 Bd4 11. Bf4 Bc5 12. Rad1 h5 13. Bc4 h4 14. Bxd6+ Ne7 15. Qf4 Qe8 16. Bxc5 bxc5 17. Rd8 f6 18. Rxe8+ Kxe8 19. Rd1 Bd7 20. Qd6 Rd8 21. Be6 Nc8 22. Bxd7+ Kf7 23. Qe6+ Kg6 24. Qf5+ Kf7 25. Be6+ Ke7 26. Rxd8 Nd6 27. Rd7+ 1-0

[Event "HUN-chT4 Chalupetzky 1718"]
[Site "Hungary"]
[Date "2018.03.11"]
[Round "7.1"]
[White "Lukacsi, Zsolt"]
[Black "Jonas, Benedek Gabor"]
[Result "1-0"]
[WhiteElo "1579"]
[BlackElo "1532"]
[PlyCount "65"]
[EventDate "2017.10.15"]
[EventType "team-tourn"]
[EventRounds "7"]
[EventCountry "HUN"]
[SourceTitle "EXT 2019"]
[Source "ChessBase"]
[SourceDate "2018.10.10"]
[SourceVersion "1"]
[SourceVersionDate "2018.10.10"]
[SourceQuality "1"]
[WhiteTeam "Toltestava Tornado"]
[BlackTeam "Gyor Szechenyi II"]
[WhiteTeamCountry "HUN"]
[BlackTeamCountry "HUN"]

1. e4 e6 2. Nc3 d5 3. exd5 exd5 4. d4 Nf6 5. g3 Nc6 6. Bg2 Be7 7. Nge2 0-0 8. 0-0 Bf5 9. a3 Re8 10. Re1 Qd7 11. Bg5 Ne4 12. Bxe7 Rxe7 13. Nxe4 Bxe4 14. Nf4 Rae8 15. Bxe4 dxe4 16. c3 Qf5 17. Re3 g5 18. Ng2 Re6 19. h4 h6 20. Qb3 Rf6 21. Rf1 b6 22. Qc4 Na5 23. Qxc7 Nb3 24. Re2 Qb5 25. Rfe1 Qd3 26. Qd7 Ree6 27. hxg5 hxg5 28. Qxa7 Nc1 29. Rxe4 Rxe4 30. Qa8+ Kg7 31. Qxe4 Qd2 32. Qe3 Qxb2 33. Qxg5+ 1-0

[Event "Gyor Amateur op 11th"]
[Site "Gyor"]
[Date "2018.01.07"]
[Round "6"]
[White "Gergely, Daniel"]
[Black "Jonas, Benedek Gabor"]
[Result "0-1"]
[WhiteElo "1168"]
[BlackElo "1549"]
[PlyCount "100"]
[EventDate "2018.01.06"]
[EventType "swiss"]
[EventRounds "6"]
[EventCountry "HUN"]
[SourceTitle "EXT 2019"]
[Source "ChessBase"]
[SourceDate "2018.10.10"]
[SourceVersion "1"]
[SourceVersionDate "2018.10.10"]
[SourceQuality "1"]

1. d4 e6 2. Nf3 f5 3. g3 b6 4. Bg2 Bb7 5. 0-0 Nf6 6. Bf4 Be7 7. Nc3 d6 8. Qd2 Qd7 9. Rfe1 Ne4 10. Nxe4 Bxe4 11. c4 Bb7 12. Rac1 Na6 13. a3 h6 14. b4 g5 15. Be3 0-0-0 16. b5 Nb8 17. a4 g4 18. Nh4 Bxh4 19. gxh4 Bxg2 20. Kxg2 Qe7 21. Bf4 Qxh4 22. d5 e5 23. Bg3 Qh5 24. e3 Rdf8 25. Rh1 Qg5 26. f3 gxf3+ 27. Kxf3 Qg4+ 28. Kg2 f4 29. Rcf1 fxg3 30. Rxf8+ Rxf8 31. hxg3 h5 32. Qe1 Nd7 33. Rh4 Qf3+ 34. Kg1 Rg8 35. Rh3 h4 36. Qf2 Rxg3+ 37. Rxg3 Qxg3+ 38. Qxg3 hxg3 39. Kg2 Nf6 40. Kxg3 Ne4+ 41. Kg2 Nd2 42. Kf2 Nxc4 43. Ke2 Nb2 44. Kd2 Nxa4 45. Kc2 Nc5 46. Kc3 a6 47. Kc4 axb5+ 48. Kxb5 Kb7 49. Kc4 Ka6 50. Kb4 b5 0-1

[Event "HUN-chT4 1718"]
[Site "Hungary"]
[Date "2017.10.28"]
[Round "2.11"]
[White "Kocsis, Tihamer"]
[Black "Jonas, Benedek Gabor"]
[Result "1-0"]
[WhiteElo "1740"]
[BlackElo "1436"]
[PlyCount "65"]
[EventDate "2017.10.28"]
[EventType "team-tourn"]
[EventRounds "9"]
[EventCountry "HUN"]
[SourceTitle "EXT 2020"]
[Source "ChessBase"]
[SourceDate "2019.10.17"]
[SourceVersion "1"]
[SourceVersionDate "2019.10.17"]
[SourceQuality "1"]

1. e4 e6 2. d4 d5 3. exd5 exd5 4. Be3 Nf6 5. Bd3 Nc6 6. Nc3 Be6 7. Nge2 Bd6 8. Qd2 0-0 9. f4 Ne7 10. h3 Bf5 11. g4 Bxd3 12. Qxd3 Re8 13. 0-0-0 c6 14. Ng3 Qc7 15. g5 Nd7 16. Rhf1 Ng6 17. Nh5 Nh4 18. f5 g6 19. fxg6 hxg6 20. Nf6+ Nxf6 21. gxf6 Re6 22. Bg5 Nf5 23. Rxf5 gxf5 24. Qxf5 Bh2 25. Qg4 Qg3 26. Qh5 Qd6 27. Rf1 Rae8 28. Qh6 Qf8 29. Qh4 Qd6 30. Rf3 Re1+ 31. Kd2 Qb4 32. Be3 Bf4 33. Qg4+ 1-0

[Event "Gyor Cohtec U15 op 2nd"]
[Site "Gyor"]
[Date "2017.05.21"]
[Round "9"]
[White "Zsirai, Balint"]
[Black "Jonas, Benedek Gabor"]
[Result "0-1"]
[WhiteElo "1146"]
[BlackElo "1420"]
[PlyCount "48"]
[EventDate "2017.05.19"]
[EventType "swiss"]
[EventRounds "9"]
[EventCountry "HUN"]
[SourceTitle "EXT 2018"]
[Source "ChessBase"]
[SourceDate "2017.10.13"]
[SourceVersion "1"]
[SourceVersionDate "2017.10.13"]
[SourceQuality "1"]

1. e4 e6 2. d4 d5 3. Nc3 dxe4 4. Nxe4 Bd7 5. Nf3 Bc6 6. Bd3 Be7 7. c3 Nf6 8. Nxf6+ Bxf6 9. 0-0 Nd7 10. b4 a6 11. Qe2 0-0 12. a4 Re8 13. Bf4 Bxf3 14. Qxf3 e5 15. dxe5 Nxe5 16. Bxe5 Bxe5 17. Qxb7 Qxd3 18. Rad1 Qxc3 19. Rc1 Rab8 20. Qxa6 Qxb4 21. g3 Ra8 22. Qc4 Qxa4 23. Qxa4 Rxa4 24. Rfe1 Raa8 0-1

[Event "Gyor Cohtec U15 op 2nd"]
[Site "Gyor"]
[Date "2017.05.19"]
[Round "2"]
[White "Jonas, Benedek Gabor"]
[Black "Tedi, Balint"]
[Result "1-0"]
[WhiteElo "1420"]
[BlackElo "1167"]
[PlyCount "83"]
[EventDate "2017.05.19"]
[EventType "swiss"]
[EventRounds "9"]
[EventCountry "HUN"]
[SourceTitle "EXT 2018"]
[Source "ChessBase"]
[SourceDate "2017.10.13"]
[SourceVersion "1"]
[SourceVersionDate "2017.10.13"]
[SourceQuality "1"]

1. e4 e5 2. Nf3 Nc6 3. d4 exd4 4. Nxd4 Bc5 5. Be3 Nf6 6. Nxc6 bxc6 7. Bxc5 Nxe4 8. Qe2 f5 9. f3 d6 10. fxe4 dxc5 11. exf5+ Qe7 12. Qxe7+ Kxe7 13. Bd3 c4 14. Bxc4 Bxf5 15. 0-0 Bxc2 16. Nc3 Rhf8 17. Rae1+ Kd7 18. Be6+ Kd6 19. Bf7 Bd3 20. Rd1 Ke7 21. Rxd3 Rxf7 22. Rxf7+ Kxf7 23. Rd7+ Kg6 24. Rxc7 Rb8 25. Rxc6+ Kf7 26. b3 Rb7 27. Kf2 Rd7 28. Ke3 Re7+ 29. Ne4 h6 30. g4 Rd7 31. Rd6 Re7 32. Kd4 Kg8 33. Kd5 Kf7 34. Nc5 Kg8 35. Rd7 Re2 36. Rxa7 Rxh2 37. Ne6 g5 38. Ke5 h5 39. Kf6 hxg4 40. Ra8+ Kh7 41. Nxg5+ Kh6 42. Rh8# 1-0

[Event "Gyor op-B 7th"]
[Site "Gyor"]
[Date "2016.07.07"]
[Round "3"]
[White "Toreky, Zsombor"]
[Black "Jonas, Benedek Gabor"]
[Result "1-0"]
[WhiteElo "1471"]
[BlackElo "1346"]
[PlyCount "71"]
[EventDate "2016.07.06"]
[EventType "swiss"]
[EventRounds "9"]
[EventCountry "HUN"]
[SourceTitle "EXT 2017"]
[Source "ChessBase"]
[SourceDate "2016.10.25"]
[SourceVersion "1"]
[SourceVersionDate "2016.10.25"]
[SourceQuality "1"]

1. d4 e6 2. Nf3 f5 3. c4 Nf6 4. Bg5 Be7 5. Nc3 d6 6. e3 Bd7 7. b4 a6 8. Qb3 0-0 9. Bd3 Kh8 10. 0-0 Ng4 11. Bxe7 Qxe7 12. h3 Nf6 13. Rfe1 Re8 14. e4 f4 15. e5 dxe5 16. dxe5 Ng8 17. Ne4 Bc6 18. b5 Bxe4 19. Bxe4 Ra7 20. b6 cxb6 21. Qxb6 Nc6 22. Bxc6 bxc6 23. Qxc6 Nh6 24. Qe4 Rf8 25. Rad1 Qa3 26. Ng5 g6 27. Nxe6 Rf5 28. Rd8+ Ng8 29. Nxf4 Qxa2 30. Qd4 Raf7 31. e6+ R7f6 32. e7 Rxf4 33. Rxg8+ Kxg8 34. e8Q+ Kg7 35. Qe7+ Kh6 36. Qexf6 1-0

[Event "Gyor Cohtec U15 op"]
[Site "Gyor"]
[Date "2016.05.27"]
[Round "4"]
[White "Jonas, Benedek Gabor"]
[Black "Szoboszlai, Lehel Sandor"]
[Result "1-0"]
[WhiteElo "1304"]
[BlackElo "1086"]
[PlyCount "67"]
[EventDate "2016.05.27"]
[EventType "swiss"]
[EventRounds "9"]
[EventCountry "HUN"]
[SourceTitle "EXT 2017"]
[Source "ChessBase"]
[SourceDate "2016.10.25"]
[SourceVersion "1"]
[SourceVersionDate "2016.10.25"]
[SourceQuality "1"]

1. e4 e5 2. Nf3 Nc6 3. Bc4 h6 4. d3 Nf6 5. Nc3 Bb4 6. Bd2 d6 7. 0-0 0-0 8. a3 Ba5 9. Nd5 Bxd2 10. Qxd2 Bg4 11. Qe3 Bxf3 12. Qxf3 Nd4 13. Qd1 Nxd5 14. Bxd5 c6 15. Bc4 b5 16. Ba2 Qe7 17. c3 Ne6 18. Bxe6 Qxe6 19. Re1 d5 20. exd5 Qxd5 21. Qc2 Rfe8 22. Re2 Re6 23. Rae1 Rae8 24. c4 bxc4 25. dxc4 Qd4 26. Re4 Qd6 27. Qc3 Rd8 28. h3 f6 29. c5 Qd5 30. f4 Rde8 31. fxe5 fxe5 32. b4 a6 33. Qc2 g5 34. Rd1 1-0

[Event "Gyor Cohtec U15 op"]
[Site "Gyor"]
[Date "2016.05.27"]
[Round "6"]
[White "Szoboszlai, Csongor"]
[Black "Jonas, Benedek Gabor"]
[Result "1/2-1/2"]
[WhiteElo "1349"]
[BlackElo "1304"]
[PlyCount "87"]
[EventDate "2016.05.27"]
[EventType "swiss"]
[EventRounds "9"]
[EventCountry "HUN"]
[SourceTitle "EXT 2017"]
[Source "ChessBase"]
[SourceDate "2016.10.25"]
[SourceVersion "1"]
[SourceVersionDate "2016.10.25"]
[SourceQuality "1"]

1. d4 e6 2. c4 f5 3. Bf4 Nf6 4. Nc3 Be7 5. Nf3 0-0 6. e3 Ne4 7. Bd3 d5 8. cxd5 exd5 9. Qb3 c6 10. Nxe4 fxe4 11. Bxe4 Bb4+ 12. Qxb4 dxe4 13. Nd2 Qe8 14. Qc4+ Be6 15. Qc2 Bf5 16. Nc4 Qg6 17. Rg1 Nd7 18. Ne5 Nxe5 19. Bxe5 Rad8 20. Bf4 Rd5 21. Qb3 b6 22. 0-0-0 Be6 23. Qa4 Ra5 24. Qc2 Rxa2 25. Kd2 Rd8 26. Ke1 Qf7 27. Rb1 c5 28. dxc5 Bb3 29. Qxe4 bxc5 30. Bg5 Re8 31. Qd3 h6 32. Bf4 c4 33. Qc3 Rd8 34. Qe5 Rd5 35. Qb8+ Kh7 36. Qb4 Qf5 37. Ke2 Qd3+ 38. Kf3 Ra4 39. Qe7 Bc2 40. Rbe1 c3 41. bxc3 Rxf4+ 42. Kxf4 Rf5+ 43. Kg3 Rg5+ 44. Kf3 1/2-1/2

[Event "Level op-B 4th"]
[Site "Level"]
[Date "2016.03.12"]
[Round "2"]
[White "Gombocz, Judit"]
[Black "Jonas, Benedek Gabor"]
[Result "1-0"]
[WhiteElo "1118"]
[BlackElo "1361"]
[PlyCount "43"]
[EventDate "2016.03.11"]
[EventType "swiss"]
[EventRounds "9"]
[EventCountry "HUN"]
[SourceTitle "EXT 2017"]
[Source "ChessBase"]
[SourceDate "2016.10.25"]
[SourceVersion "1"]
[SourceVersionDate "2016.10.25"]
[SourceQuality "1"]

1. d4 e6 2. Nf3 f5 3. e3 Nf6 4. Bd3 d6 5. 0-0 Be7 6. Nbd2 0-0 7. b3 Bd7 8. Bb2 Nc6 9. a3 a6 10. c4 d5 11. Ne5 Nxe5 12. dxe5 Ne4 13. Bxe4 fxe4 14. Qg4 c6 15. f3 Bc5 16. Rae1 exf3 17. Nxf3 Qb6 18. Bd4 Bxd4 19. exd4 Qxb3 20. Rb1 Qxc4 21. Rxb7 Bc8 22. Qxg7# 1-0

[Event "HUN-chT4a 1516"]
[Site "Hungary"]
[Date "2016.02.27"]
[Round "7.19"]
[White "Jonas, Benedek Gabor"]
[Black "Kovacs, Istvan"]
[Result "1-0"]
[WhiteElo "1361"]
[BlackElo "2191"]
[PlyCount "87"]
[EventDate "2015.10.17"]
[EventType "team-tourn"]
[EventRounds "8"]
[EventCountry "HUN"]
[SourceTitle "EXT 2019"]
[Source "ChessBase"]
[SourceDate "2018.10.10"]
[SourceVersion "1"]
[SourceVersionDate "2018.10.10"]
[SourceQuality "1"]

1. e4 e5 2. Nf3 Nc6 3. Bc4 Bc5 4. 0-0 d6 5. Nc3 Bg4 6. h3 Bh5 7. d3 Nd4 8. Be3 Nxf3+ 9. gxf3 Qf6 10. Nd5 Qh4 11. Kh2 0-0-0 12. Qe2 c6 13. Nc3 Ne7 14. Rg1 Ng6 15. Bg5 Nf4 16. Bxh4 Nxe2 17. Nxe2 f6 18. Be6+ Kb8 19. Bg4 Bg6 20. f4 h5 21. Bf5 Bxf5 22. exf5 exf4 23. Nxf4 g5 24. Ng6 Rhg8 25. Bg3 h4 26. Nxh4 gxh4 27. Bxh4 Bd4 28. c3 Be5+ 29. Bg3 Bxg3+ 30. fxg3 Rg5 31. g4 d5 32. Rae1 Rf8 33. Re6 a5 34. Rge1 Kc7 35. Re7+ Kb6 36. Re8 Rf7 37. R1e7 Rgg7 38. Re6 Rh7 39. Rg8 Kb5 40. Rg6 a4 41. Rexf6 Rxf6 42. Rxf6 Kc5 43. g5 b5 44. g6 1-0

[Event "HUN-chT4 Chalupetzky 1516"]
[Site "Fertoszentmiklos"]
[Date "2016.01.17"]
[Round "4.10"]
[White "Jonas, Benedek Gabor"]
[Black "Hegedus, Pal"]
[Result "0-1"]
[WhiteElo "1372"]
[BlackElo "1546"]
[PlyCount "104"]
[EventDate "2015.10.11"]
[EventType "team-tourn"]
[EventRounds "7"]
[EventCountry "HUN"]
[SourceTitle "EXT 2017"]
[Source "ChessBase"]
[SourceDate "2016.10.25"]
[SourceVersion "1"]
[SourceVersionDate "2016.10.25"]
[SourceQuality "1"]
[WhiteTeam "UDSE II"]
[BlackTeam "Toltestava Tornado"]
[WhiteTeamCountry "HUN"]
[BlackTeamCountry "HUN"]

1. e4 c5 2. c3 d6 3. d4 cxd4 4. cxd4 a6 5. Nc3 Nf6 6. Bd3 e6 7. Nf3 Be7 8. 0-0 0-0 9. Re1 Qc7 10. e5 dxe5 11. dxe5 Ne8 12. Ng5 g6 13. Qf3 h6 14. Nh3 Kg7 15. Qf4 Rh8 16. Re3 f5 17. exf6+ Bxf6 18. Qe4 Qf7 19. Rg3 g5 20. Nf4 Nd6 21. Qe2 Nf5 22. Nh5+ Kf8 23. Nxf6 Qxf6 24. Bxf5 exf5 25. Re3 Nc6 26. Re8+ Kg7 27. Rxh8 Kxh8 28. Be3 Be6 29. a3 Re8 30. Qc2 f4 31. Bd2 Bf5 32. Qb3 b5 33. Nd5 Qe5 34. Bc3 Nd4 35. Bxd4 Qxd4 36. Qc3 Qxc3 37. bxc3 Rd8 38. Nb4 Rd6 39. h3 Kg7 40. Re1 Kf6 41. Re8 a5 42. Rh8 Kg7 43. Rb8 axb4 44. axb4 Bd3 45. Rc8 Bc4 46. g3 f3 47. Re8 Rd3 48. Re3 Rd1+ 49. Kh2 Be2 50. g4 Rf1 51. Kg3 Rg1+ 52. Kh2 Rg2+ 0-1

[Event "Gyor Amateur op 4th"]
[Site "Gyor"]
[Date "2015.08.29"]
[Round "3"]
[White "Sarmasi, Peter"]
[Black "Jonas, Benedek Gabor"]
[Result "1-0"]
[WhiteElo "1688"]
[BlackElo "1262"]
[PlyCount "65"]
[EventDate "2015.08.28"]
[EventType "swiss"]
[EventRounds "5"]
[EventCountry "HUN"]
[SourceTitle "EXT 2016"]
[Source "ChessBase"]
[SourceDate "2015.10.08"]
[SourceVersion "1"]
[SourceVersionDate "2015.10.08"]
[SourceQuality "1"]

1. e4 c5 2. Nf3 g6 3. Nc3 Bg7 4. d4 cxd4 5. Nxd4 Nc6 6. Be3 Nf6 7. Be2 0-0 8. Qd2 d6 9. 0-0-0 a5 10. Nxc6 bxc6 11. Bh6 Qc7 12. Bxg7 Kxg7 13. h4 Qb7 14. h5 Be6 15. hxg6 fxg6 16. Qh6+ Kf7 17. Qf4 Ke8 18. Qe3 Rb8 19. b3 c5 20. e5 dxe5 21. Qxe5 Qb6 22. Rhe1 Nd7 23. Bb5 Rf5 24. Bxd7+ Kf8 25. Qxe6 Qxe6 26. Rxe6 Rxf2 27. Ne4 Rxg2 28. Rf1+ Kg8 29. Rxe7 h5 30. Rff7 Rg1+ 31. Kb2 Rb7 32. Nf6+ Kh8 33. Rh7# 1-0

[Event "Gyor Amateur op 4th"]
[Site "Gyor"]
[Date "2015.08.28"]
[Round "1"]
[White "Horvath, Tibor"]
[Black "Jonas, Benedek Gabor"]
[Result "1-0"]
[WhiteElo "1731"]
[BlackElo "1262"]
[PlyCount "63"]
[EventDate "2015.08.28"]
[EventType "swiss"]
[EventRounds "5"]
[EventCountry "HUN"]
[SourceTitle "EXT 2016"]
[Source "ChessBase"]
[SourceDate "2015.10.08"]
[SourceVersion "1"]
[SourceVersionDate "2015.10.08"]
[SourceQuality "1"]

1. d4 e6 2. c4 c5 3. Nf3 d5 4. e3 Nc6 5. Nc3 Nf6 6. a3 Be7 7. dxc5 Bxc5 8. b4 Be7 9. Bb2 0-0 10. cxd5 exd5 11. Nd4 Nxd4 12. Qxd4 Be6 13. Rd1 b6 14. Bd3 Rc8 15. 0-0 Qd6 16. h3 Rfd8 17. Rd2 Nh5 18. Bb1 Rc4 19. Qd3 Nf6 20. Ba2 Rh4 21. Rfd1 Bg4 22. Qd4 Ne4 23. Nxd5 Bf6 24. Nxf6+ gxf6 25. Qxd6 Rxd6 26. Rxd6 Bxd1 27. Rxd1 Rh5 28. Bb1 Ng5 29. Bxf6 Ne6 30. Rc1 Rh6 31. Rc8+ Nf8 32. Be7 1-0

[Event "Gyor Amateur op 4th"]
[Site "Gyor"]
[Date "2015.08.28"]
[Round "2"]
[White "Jonas, Benedek Gabor"]
[Black "Lendvai, Oliver"]
[Result "1-0"]
[WhiteElo "1262"]
[BlackElo "1373"]
[PlyCount "45"]
[EventDate "2015.08.28"]
[EventType "swiss"]
[EventRounds "5"]
[EventCountry "HUN"]
[SourceTitle "EXT 2016"]
[Source "ChessBase"]
[SourceDate "2015.10.08"]
[SourceVersion "1"]
[SourceVersionDate "2015.10.08"]
[SourceQuality "1"]

1. e4 c5 2. c3 Nc6 3. Nf3 g6 4. d4 cxd4 5. cxd4 Bg7 6. Nc3 d6 7. Be3 Nf6 8. Bd3 0-0 9. 0-0 Bg4 10. h3 Bd7 11. Qd2 Re8 12. Bh6 Bh8 13. e5 dxe5 14. dxe5 Nh5 15. Rae1 Be6 16. Re4 Bf5 17. g4 Bxe4 18. Nxe4 Ng7 19. Neg5 Rf8 20. e6 f6 21. Nf7 Qd5 22. Bf4 Qxf3 23. Nh6# 1-0

[Event "Gyor Amateur op 2nd"]
[Site "Gyor"]
[Date "2015.05.17"]
[Round "5"]
[White "Toth, Benjamin Patrik"]
[Black "Jonas, Benedek Gabor"]
[Result "0-1"]
[WhiteElo "1100"]
[BlackElo "1263"]
[PlyCount "106"]
[EventDate "2015.05.16"]
[EventType "swiss"]
[EventRounds "7"]
[EventCountry "HUN"]
[SourceTitle "EXT 2016"]
[Source "ChessBase"]
[SourceDate "2015.10.08"]
[SourceVersion "1"]
[SourceVersionDate "2015.10.08"]
[SourceQuality "1"]

1. e4 c5 2. Nf3 g6 3. d4 cxd4 4. Nxd4 Bg7 5. Be2 Nc6 6. Nxc6 bxc6 7. 0-0 e6 8. Be3 d5 9. Nc3 d4 10. Bf4 dxc3 11. Qxd8+ Kxd8 12. Bg5+ Ke8 13. bxc3 Bxc3 14. Rad1 Bb7 15. f4 Bf6 16. Bxf6 Nxf6 17. e5 Nd5 18. Rd3 Ba6 19. Rd2 Bxe2 20. Rxe2 Kf8 21. c4 Nc7 22. Rd1 Kg7 23. Rb2 Na6 24. Rd6 Rhc8 25. Rb3 Nc5 26. Ra3 Rc7 27. g3 Rb8 28. Kg2 Rb2+ 29. Kh3 Kh6 30. g4 g5 31. f5 Re2 32. fxe6 fxe6 33. Ra5 Rxe5 34. a4 Re3+ 35. Kg2 Nb7 36. Rxa7 Nxd6 37. Rxc7 Nxc4 38. Rxc6 Na5 39. Ra6 Nb3 40. a5 Re5 41. Rb6 Nxa5 42. Kf3 Nc4 43. Rb4 Nd2+ 44. Kg2 Re4 45. Rxe4 Nxe4 46. Kf3 Nf6 47. Kg3 Kg7 48. h4 gxh4+ 49. Kxh4 h6 50. Kg3 Kg6 51. Kf4 e5+ 52. Kf3 Kg5 53. Kg3 Nxg4 0-1